• 首页
  • 本馆介绍
  • 公告通知
  • 最新文献
  • 馆藏检索
  • 电子资源
  • 读者导购
  • 参考咨询
  • 我的图书馆
  • 登录
  • 详细信息显示
  • 放入我的书架
  • 预约/预借图书
  • 作者相关作品
  • 分类相关作品
  • 丛书相关作品
  • 出版社相关作品

书目信息

  • 表格格式
  • 工作单格式
  • 卡片格式
题名:
百变魔术
    
 
作者: 刘虔 著
分册:  
出版信息: 西安   陕西师范大学出版社  2009.06
页数: 199页
开本: 21cm
丛书名:
单 册:
中图分类: J828
科图分类:
主题词: 魔术--基本知识 , 魔术
电子资源:
ISBN: 978-7-5613-4608-2
000 00735nam0 2200241 450
001 010700069940
005 20091202090949.54
010    @a978-7-5613-4608-2@dCNY25.00
100    @a20090520d2009 em y0chiy0110 ea
101 0  @achi
102    @aCN@b610000
105    @aa z 000yy
106    @ar
200 1  @a百变魔术@9bai bian mo shu@e戏法背后的秘密@f刘虔著
210    @a西安@c陕西师范大学出版社@d2009.06
215    @a199页@c图@d21cm
330    @a本书分魔术学堂、顶尖魔术大师代表欣赏,内容包括:学好魔术的技巧、天降可乐、烧不坏的布、日历预言、生日猜想等。
606 0  @a魔术@x基本知识
606 0  @a魔术
690    @aJ828@v4
701  0 @a刘虔@9liu qian@4著
801  0 @aCN@bRENTIAN@c20091202
905    @b794638-43@dJ828@e110@f6
    
    百变魔术:戏法背后的秘密/刘虔著.-西安:陕西师范大学出版社,2009.06
    199页:图;21cm
    
    
    ISBN 978-7-5613-4608-2:CNY25.00
    本书分魔术学堂、顶尖魔术大师代表欣赏,内容包括:学好魔术的技巧、天降可乐、烧不坏的布、日历预言、生日猜想等。
●
相关链接 在E读中查询图书 在五车中查询图书 在当当中查询图书 在豆瓣中查询图书


正题名:百变魔术     索取号:J828/110         预约/预借

序号 登录号 条形码 馆藏地/架位号 状态 备注
1 794638   207946384   第一样本阅览室/ [索取号:J828/110] 在馆    
2 794639   207946393   第一借阅区/ [索取号:J828/110] 在馆    
3 794640   207946400   第一借阅区/ [索取号:J828/110] 在馆    
4 794641   207946419   第一借阅区/ [索取号:J828/110] 在馆    
5 794642   207946428   第一借阅区/ [索取号:J828/110] 在馆    
6 794643   207946437   第一借阅区/ [索取号:J828/110] 在馆    
唐山师范学院图书馆 欢迎您!
大连网信软件有限公司© 版权所有